Same Letter Capital City and Continent - Statistics

General Stats
  • This quiz has been taken 421 times
  • The average score is 11 of 14
Answer Stats
Continent Capital City % Correct
South America Santiago
90%
Africa Algiers
89%
Africa Accra
83%
Africa Addis Ababa
82%
Asia Amman
82%
Asia Ankara
81%
South America Sucre
81%
Africa Abuja
80%
Africa Antananarivo
78%
Asia Ashgabat
77%
North America Nassau
77%
Asia Abu Dhabi
73%
Asia Astana
73%
Africa Asmara
69%
No matching quizzes found
Score Distribution
Percent of People with Each Score
Percentile by Number Answered
Your Score History
You have not taken this quiz